00737nam a2200157Ia 4500008004100000024006800041082001900109100009600128245003700224260002500261600002100286650003800307856010700345952011000452999001700562250506s9999 xx 000 0 und d a17B-057-CS, 17B-028-CS, 17B-006-CS, 17B-046-CS & 17B-054-CS a004.986072 MUH aMuhammad Yusuf Abdullah Hashmi, Osama Zain, Syeda Hiba Khalid, Faiza Shahab & Marium Hashmi 0aElectric Vehicle Software Design aKarachi:bUIT,c2017 aComputer Science aBachelor of Computer Science (BS) uhttps://drive.google.com/file/d/1C-HMTj92t34JmCeZS_j-3piT17TjTZ4t/view?usp=sharingyClick here for PDF 001040708PR-CSaUITUbUITUd2022-07-26l0o004.986072 MUHpBS-629r2025-05-06 11:34:41w2025-05-06yPR c28958d28958